<?xml version="1.0" encoding="UTF-8"?>
<record
    xmlns:xsi="http://www.w3.org/2001/XMLSchema-instance"
    xsi:schemaLocation="http://www.loc.gov/MARC21/slim http://www.loc.gov/standards/marcxml/schema/MARC21slim.xsd"
    xmlns="http://www.loc.gov/MARC21/slim">

  <leader>02432cam a2200325 a 4500</leader>
  <controlfield tag="003">EG-GiCUC</controlfield>
  <controlfield tag="005">20250223032117.0</controlfield>
  <controlfield tag="008">181117s2018    ua     f m    000 0 eng d</controlfield>
  <datafield tag="040" ind1=" " ind2=" ">
    <subfield code="a">EG-GiCUC</subfield>
    <subfield code="b">eng</subfield>
    <subfield code="c">EG-GiCUC</subfield>
  </datafield>
  <datafield tag="041" ind1="0" ind2=" ">
    <subfield code="a">eng</subfield>
  </datafield>
  <datafield tag="049" ind1=" " ind2=" ">
    <subfield code="a">Deposite </subfield>
  </datafield>
  <datafield tag="097" ind1=" " ind2=" ">
    <subfield code="a">M.A</subfield>
  </datafield>
  <datafield tag="099" ind1=" " ind2=" ">
    <subfield code="a">Cai01.02.12.M.A.2018.As.A</subfield>
  </datafield>
  <datafield tag="100" ind1="0" ind2=" ">
    <subfield code="a">Asmaa Mostafa Lotfy</subfield>
  </datafield>
  <datafield tag="245" ind1="1" ind2="0">
    <subfield code="a">Aspects of the carnivalesque and the grotesque in three selected plays : </subfield>
    <subfield code="b">Aphra Behn{u2019}s The Rover (1677) , Saad Allah Wannus{u2019} The King is the King (1977) and Brian Friel{u2019}s Dancing at Lughnasa (1990)  / </subfield>
    <subfield code="c">Asmaa Mostafa Lotfy ; Supervised Amal Aly Mazhar</subfield>
  </datafield>
  <datafield tag="246" ind1="1" ind2="5">
    <subfield code="a">&#x627;&#x644;&#x633;&#x645;&#x627;&#x62A; &#x627;&#x644;&#x643;&#x631;&#x646;&#x641;&#x627;&#x644;&#x64A;&#x629; &#x648;&#x627;&#x644;&#x63A;&#x631;&#x627;&#x626;&#x628;&#x64A;&#x629; (&#x62C;&#x631;&#x648;&#x62A;&#x64A;&#x633;&#x643; &#x641;&#x64A; &#x62B;&#x644;&#x627;&#x62B; &#x645;&#x633;&#x631;&#x62D;&#x64A;&#x627;&#x62A; &#x645;&#x62E;&#x62A;&#x627;&#x631;&#x629; : </subfield>
    <subfield code="b">&#x645;&#x633;&#x631;&#x62D;&#x64A;&#x629; &#x627;&#x644;&#x645;&#x62A;&#x62C;&#x648;&#x644; (1677) &#x644;&#x627;&#x641;&#x631;&#x627;&#x628;&#x64A;&#x646; : &#x648;&#x627;&#x644;&#x645;&#x644;&#x643; &#x647;&#x648; &#x627;&#x644;&#x645;&#x644;&#x643; (1977) &#x644;&#x633;&#x639;&#x62F; &#x627;&#x644;&#x644;&#x647; &#x648;&#x646;&#x648;&#x633; : &#x648;&#x627;&#x644;&#x631;&#x642;&#x635; &#x641;&#x64A; &#x644;&#x648;&#x646;&#x627;&#x633;&#x627; (1990) &#x644;&#x628;&#x631;&#x627;&#x64A;&#x646; &#x641;&#x631;&#x64A;&#x644; </subfield>
  </datafield>
  <datafield tag="260" ind1=" " ind2=" ">
    <subfield code="a">Cairo : </subfield>
    <subfield code="b">Asmaa Mostafa Lotfy , </subfield>
    <subfield code="c">2018</subfield>
  </datafield>
  <datafield tag="300" ind1=" " ind2=" ">
    <subfield code="a">155 P. ; </subfield>
    <subfield code="c">25cm </subfield>
  </datafield>
  <datafield tag="502" ind1=" " ind2=" ">
    <subfield code="a">Thesis (M.A.) - Cairo University - Faculty of Arts - Department of Engilsh</subfield>
  </datafield>
  <datafield tag="520" ind1=" " ind2=" ">
    <subfield code="a">This thesis aims to explore Mikhail Bakhtin{u2019}s theory of the carnivalesque and the grotesque body as discussed in his seminal book Rabelais and his world (1965). This will be applied later to the three selected plays which belong to different cultures and historical periods, Restoration England in Aphra Behn{u2019}s The Rover (1677) , 20th century Syria in Saad Allah Wannus{u2019}The King is the King (1977) , and lastlyBrian Friel{u2019}s Dancing at Lughnasa (1990). The aim is to show that these elements of the grotesque and the carnivalesque have been used by different cultures and in different historical periods. Moreover, it aims to show that besides being used for the sake of sheer entertainment, it was for other more serious objectives; gender, social and political. Thus, the study will examine the different political, cultural, and social backgrounds, which led to the use and manipulation of these elements in the selected plays </subfield>
  </datafield>
  <datafield tag="530" ind1=" " ind2=" ">
    <subfield code="a">Issued also as CD</subfield>
  </datafield>
  <datafield tag="653" ind1=" " ind2="4">
    <subfield code="a">Carnivalesque and the grotesque </subfield>
  </datafield>
  <datafield tag="653" ind1=" " ind2="4">
    <subfield code="a">The King is the King (1977)</subfield>
  </datafield>
  <datafield tag="653" ind1=" " ind2="4">
    <subfield code="a">The Rover (1677)</subfield>
  </datafield>
  <datafield tag="700" ind1="0" ind2=" ">
    <subfield code="a">Amal Aly Mazhar , </subfield>
    <subfield code="e">Supervisor</subfield>
  </datafield>
  <datafield tag="856" ind1=" " ind2=" ">
    <subfield code="u">http://172.23.153.220/th.pdf</subfield>
  </datafield>
  <datafield tag="905" ind1=" " ind2=" ">
    <subfield code="a">Nazla</subfield>
    <subfield code="e">Revisor</subfield>
  </datafield>
  <datafield tag="905" ind1=" " ind2=" ">
    <subfield code="a">Shimaa</subfield>
    <subfield code="e">Cataloger</subfield>
  </datafield>
  <datafield tag="942" ind1=" " ind2=" ">
    <subfield code="2">ddc</subfield>
    <subfield code="c">TH</subfield>
  </datafield>
  <datafield tag="999" ind1=" " ind2=" ">
    <subfield code="c">68582</subfield>
    <subfield code="d">68582</subfield>
  </datafield>
  <datafield tag="952" ind1=" " ind2=" ">
    <subfield code="2">ddc</subfield>
    <subfield code="7">0</subfield>
    <subfield code="a">CUCL</subfield>
    <subfield code="b">cl210</subfield>
    <subfield code="d">2024-02-11</subfield>
    <subfield code="o">Cai01.02.12.M.A.2018.As.A</subfield>
    <subfield code="p">01010110076363000</subfield>
    <subfield code="r">2023-09-22 00:00:00</subfield>
    <subfield code="y">TH</subfield>
  </datafield>
  <datafield tag="952" ind1=" " ind2=" ">
    <subfield code="2">ddc</subfield>
    <subfield code="7">0</subfield>
    <subfield code="a">CUCL</subfield>
    <subfield code="b">cl2u8</subfield>
    <subfield code="d">2024-02-11</subfield>
    <subfield code="o">Cai01.02.12.M.A.2018.As.A</subfield>
    <subfield code="p">01020110076363000</subfield>
    <subfield code="r">2023-09-22 00:00:00</subfield>
    <subfield code="t">76363.CD     </subfield>
    <subfield code="y">CD</subfield>
  </datafield>
</record>
